| 000 | 01035pam a2200265 a 4500 | ||
|---|---|---|---|
| 001 | 2368682 | ||
| 005 | 20060719180123.0 | ||
| 008 | 840706s1985 nyua b 001 0 eng | ||
| 010 | _a 84014861 | ||
| 020 | _a0195035461 | ||
| 020 | _a9780195035469 | ||
| 040 |
_aDLC _cDLC _dDLC |
||
| 050 | 0 | 0 |
_aTJ812 _b.R33 1985 |
| 082 | 0 | 0 |
_a621.47 _219 _bRAB |
| 100 | 1 |
_aRabl, Ari. _929731 |
|
| 245 | 1 | 0 |
_aActive Solar Collectors and their Applications / _cAri Rabl. |
| 260 |
_aNew York : _bOxford University Press, _c1985. |
||
| 300 |
_axiv, 503 p. : _bill. ; _c24 cm. |
||
| 504 | _aIncludes bibliographies and indexes. | ||
| 650 | 0 |
_aSolar collectors. _929732 |
|
| 856 | 4 | 2 |
_3Publisher description _uhttp://www.loc.gov/catdir/enhancements/fy0604/84014861-d.html |
| 856 | 4 | 1 |
_3Table of contents only _uhttp://www.loc.gov/catdir/enhancements/fy0604/84014861-t.html |
| 942 |
_2ddc _cBB |
||
| 999 |
_c16693 _d16693 |
||